[Event "SLO-chT2 West"]
[Site "Komenda"]
[Date "2019.11.16"]
[Round "2.2"]
[White "Jeraj, Zlatko"]
[Black "Lakovic, Igor"]
[Result "1/2-1/2"]
[WhiteElo "2032"]
[BlackElo "1988"]
[PlyCount "97"]
[EventDate "2019.11.15"]
[EventType "team-tourn"]
[EventRounds "9"]
[EventCountry "SLO"]
[SourceTitle "EXT 2024"]
[Source "ChessBase"]
[SourceDate "2023.10.10"]
[SourceVersion "1"]
[SourceVersionDate "2023.10.10"]
[SourceQuality "1"]
[WhiteTeam "Jesenice Acroni"]
[BlackTeam "Ilirska Bistrica Rimex"]
[WhiteTeamCountry "SLO"]
[BlackTeamCountry "SLO"]

1. d4 e6 2. Nf3 Nf6 3. c4 b6 4. g3 Ba6 5. b3 Bb4+ 6. Bd2 Be7 7. Nc3 c6 8. Bg2 d5 9. cxd5 cxd5 10. 0-0 0-0 11. Rc1 Nbd7 12. Re1 Rc8 13. Rc2 Bd6 14. Qb1 Qe7 15. a4 Bb7 16. Nb5 Bb8 17. Rec1 Rxc2 18. Rxc2 a6 19. Nc3 Bd6 20. Bc1 Rc8 21. Na2 Rxc2 22. Qxc2 Ne4 23. Nd2 Nxd2 24. Bxd2 Nf6 25. f3 Qc7 26. Qxc7 Bxc7 27. Kf2 Kf8 28. Bb4+ Ke8 29. e3 a5 30. Ba3 Kd7 31. Bf1 Bc6 32. Nc3 Bb8 33. Bd3 g6 34. h3 h5 35. g4 hxg4 36. hxg4 Bc7 37. g5 Ne8 38. f4 Nd6 39. Kf3 Bb8 40. Bb2 Ba7 41. Ba3 Bb8 42. Bb2 Bb7 43. Ba3 Bc7 44. Bb2 Bd8 45. Bc1 Bc6 46. Bb2 Be7 47. Ba1 Ne8 48. Bb2 Nc7 49. Ke2 1/2-1/2

[Event "SLO-chT2 West"]
[Site "Komenda"]
[Date "2019.11.16"]
[Round "3.2"]
[White "Lakovic, Igor"]
[Black "Stubljar, Andrej"]
[Result "1/2-1/2"]
[WhiteElo "1988"]
[BlackElo "2004"]
[PlyCount "103"]
[EventDate "2019.11.15"]
[EventType "team-tourn"]
[EventRounds "9"]
[EventCountry "SLO"]
[SourceTitle "EXT 2024"]
[Source "ChessBase"]
[SourceDate "2023.10.10"]
[SourceVersion "1"]
[SourceVersionDate "2023.10.10"]
[SourceQuality "1"]
[WhiteTeam "Ilirska Bistrica Rimex"]
[BlackTeam "Dolenjske Toplice"]
[WhiteTeamCountry "SLO"]
[BlackTeamCountry "SLO"]

1. Nf3 Nf6 2. c4 b6 3. d4 Bb7 4. Nc3 e6 5. a3 Be7 6. d5 exd5 7. cxd5 b5 8. e4 b4 9. axb4 Bxb4 10. Bd3 c6 11. dxc6 Nxc6 12. 0-0 0-0 13. Qb3 a5 14. Bg5 h6 15. Bf4 Ba6 16. Bxa6 Rxa6 17. Qc4 Qa8 18. Rad1 Rc8 19. Qd3 Bxc3 20. bxc3 Ne7 21. Rfe1 d5 22. exd5 Nexd5 23. Be5 Rac6 24. Rc1 Rc4 25. Nd2 Rg4 26. Qf3 Rg6 27. c4 Nb4 28. Qxa8 Rxa8 29. Rc3 Re8 30. f3 Nd7 31. Bg3 Rxe1+ 32. Bxe1 f5 33. Kf1 Rd6 34. c5 Rd3 35. Rxd3 Nxd3 36. c6 Nb6 37. c7 Nxe1 38. Kxe1 a4 39. Kd1 Kf7 40. Kc2 Ke8 41. Nc4 Nc8 42. Kc3 Kd7 43. Kb4 Kxc7 44. Kxa4 Kc6 45. Kb4 Ne7 46. Kc3 Kd5 47. Kd3 g5 48. Ne3+ Ke5 49. g3 h5 50. Nc4+ Kd5 51. Ne3+ Ke5 52. Nc4+ 1/2-1/2

[Event "SLO-chT2 West"]
[Site "Komenda"]
[Date "2019.11.15"]
[Round "1.2"]
[White "Anakiev, Dimitar"]
[Black "Lakovic, Igor"]
[Result "1-0"]
[WhiteElo "2002"]
[BlackElo "1988"]
[PlyCount "124"]
[EventDate "2019.11.15"]
[EventType "team-tourn"]
[EventRounds "9"]
[EventCountry "SLO"]
[SourceTitle "EXT 2024"]
[Source "ChessBase"]
[SourceDate "2023.10.10"]
[SourceVersion "1"]
[SourceVersionDate "2023.10.10"]
[SourceQuality "1"]
[WhiteTeam "Radovljica"]
[BlackTeam "Ilirska Bistrica Rimex"]
[WhiteTeamCountry "SLO"]
[BlackTeamCountry "SLO"]

1. Nf3 Nf6 2. g3 b6 3. Bg2 Bb7 4. 0-0 e6 5. d3 Be7 6. e4 d6 7. Nc3 c5 8. Nh4 Nc6 9. f4 Qd7 10. f5 0-0-0 11. fxe6 fxe6 12. Bh3 Ne5 13. Nf5 g6 14. Ng7 Kb8 15. Nxe6 Bc8 16. Nf4 Nfg4 17. Bg2 Rdf8 18. h3 g5 19. Nfd5 Rxf1+ 20. Bxf1 Nf6 21. Bg2 g4 22. Nxf6 Bxf6 23. hxg4 Nxg4 24. Nd5 Bd4+ 25. Kf1 Qg7 26. Bf4 Rf8 27. Ke2 Ne5 28. Qh1 Bg4+ 29. Kd2 Be6 30. c3 Bf2 31. Qh4 Bxd5 32. exd5 Qg6 33. Be4 Qxe4 34. dxe4 Nf3+ 35. Ke2 Nxh4 36. Kxf2 Ng6 37. Ke3 Kc7 38. Rh1 Rf7 39. Rh5 Re7 40. Rf5 b5 41. Rf6 Rd7 42. Re6 a5 43. a4 b4 44. Kd3 Nxf4+ 45. gxf4 Rg7 46. f5 Rg3+ 47. Kc4 bxc3 48. bxc3 Kd7 49. f6 h5 50. Re7+ Kd8 51. Rh7 Rf3 52. f7 Ke7 53. Kb5 Rxc3 54. Kc6 c4 55. f8Q+ Kxf8 56. Kxd6 Re3 57. e5 c3 58. e6 c2 59. Rc7 Re2 60. Kd7 h4 61. d6 h3 62. e7+ Kf7 1-0

[Event "Prague Holiday M11"]
[Site "Prague"]
[Date "2017.07.16"]
[Round "2"]
[White "Doring, Robert"]
[Black "Lakovic, Igor"]
[Result "1/2-1/2"]
[WhiteElo "2131"]
[BlackElo "2023"]
[PlyCount "88"]
[EventDate "2017.07.16"]
[EventType "tourn"]
[EventRounds "9"]
[EventCountry "CZE"]
[SourceTitle "EXT 2023"]
[Source "ChessBase"]
[SourceDate "2022.10.05"]
[SourceVersion "1"]
[SourceVersionDate "2022.10.05"]
[SourceQuality "1"]

1. e4 e6 2. d4 d5 3. Nc3 Nf6 4. Bg5 Be7 5. e5 Nfd7 6. h4 c5 7. Bxe7 Kxe7 8. f4 Nc6 9. Nf3 cxd4 10. Nxd4 Qb6 11. Nxc6+ bxc6 12. Rh3 Ba6 13. Bxa6 Qxa6 14. Qg4 h6 15. 0-0-0 Rab8 16. b3 Qa3+ 17. Kb1 Qb4 18. h5 a5 19. Rg3 Rhg8 20. Ne2 c5 21. Qh4+ Ke8 22. Re3 a4 23. Qe1 Qxe1 24. Rxe1 Ke7 25. a3 Nb6 26. Ka2 axb3+ 27. cxb3 g5 28. hxg6 fxg6 29. Rc3 Rbc8 30. Rec1 c4 31. bxc4 Nxc4 32. Nd4 Rgf8 33. g3 h5 34. Rb1 Rc7 35. Nb5 Rb7 36. Nd6 Rxb1 37. Kxb1 Rb8+ 38. Ka2 Nxd6 39. Rc7+ Kd8 40. exd6 Rb6 41. Rg7 Rxd6 42. Rxg6 Kd7 43. Kb3 Rb6+ 44. Kc3 Rb1 1/2-1/2

[Event "Sarajevo Bosna op 47th"]
[Site "Sarajevo"]
[Date "2017.05.19"]
[Round "9"]
[White "Lakovic, Igor"]
[Black "Vujic, Milorad"]
[Result "1-0"]
[WhiteElo "2009"]
[BlackElo "1842"]
[PlyCount "110"]
[EventDate "2017.05.13"]
[EventType "swiss"]
[EventRounds "9"]
[EventCountry "BIH"]
[SourceTitle "CBM 178 Extra"]
[Source "ChessBase"]
[SourceDate "2017.06.22"]
[SourceVersion "1"]
[SourceVersionDate "2017.06.22"]
[SourceQuality "1"]

1. d4 e6 2. c4 Nf6 3. Nc3 Bb4 4. e3 Ne4 5. Qc2 f5 6. Bd3 d5 7. Nf3 c6 8. 0-0 Nd7 9. Ne2 Ndf6 10. b3 0-0 11. Bb2 Bd6 12. Ne5 g6 13. f3 Ng5 14. a4 Qe7 15. a5 a6 16. Nf4 Kg7 17. Be2 Re8 18. g3 Nf7 19. Nfd3 Nd7 20. Nxf7 Kxf7 21. e4 Kg8 22. e5 Bb4 23. Ra4 c5 24. cxd5 exd5 25. Nf4 b5 26. Nxd5 Qd8 27. Raa1 Bb7 28. Nxb4 cxb4 29. Rfd1 Bd5 30. Rdc1 Rc8 31. Qd3 Qe7 32. Bd1 Red8 33. Qe3 Nf8 34. Rxc8 Rxc8 35. Rc1 Rxc1 36. Qxc1 Qb7 37. Kf2 Ne6 38. Qd2 Qe7 39. Qc1 Qc7 40. Qxc7 Nxc7 41. Bc1 Ne6 42. Ke3 Nd8 43. Bd2 Nc6 44. h4 Kf7 45. g4 Ke6 46. Bc2 f4+ 47. Kxf4 Nxd4 48. Bd1 Nc6 49. Bc2 Nxa5 50. Bxb4 Bxb3 51. Bf5+ gxf5 52. gxf5+ Kf7 53. Bxa5 Bc2 54. e6+ Kf6 55. Bc3+ Ke7 1-0

[Event "Sarajevo Bosna op 47th"]
[Site "Sarajevo"]
[Date "2017.05.18"]
[Round "8"]
[White "Popovic, Zoran"]
[Black "Lakovic, Igor"]
[Result "1-0"]
[WhiteElo "2300"]
[BlackElo "2009"]
[PlyCount "49"]
[EventDate "2017.05.13"]
[EventType "swiss"]
[EventRounds "9"]
[EventCountry "BIH"]
[SourceTitle "CBM 178 Extra"]
[Source "ChessBase"]
[SourceDate "2017.06.22"]
[SourceVersion "1"]
[SourceVersionDate "2017.06.22"]
[SourceQuality "1"]

1. d4 e6 2. c4 Nf6 3. Nc3 Bb4 4. Qc2 0-0 5. a3 Bxc3+ 6. Qxc3 d5 7. Bg5 dxc4 8. Qxc4 b6 9. Nf3 Ba6 10. Qc2 Nbd7 11. Ne5 Nxe5 12. dxe5 Qd5 13. Bxf6 gxf6 14. e4 Qxe5 15. Bxa6 Qa5+ 16. Qc3 Qxa6 17. Qxf6 Rfd8 18. h4 Qd3 19. Rh3 Qd2+ 20. Kf1 Rd3 21. f3 Rad8 22. Rg3+ Kf8 23. Rg7 Rxf3+ 24. gxf3 Qd3+ 25. Kg2 1-0

[Event "Sarajevo Bosna op 47th"]
[Site "Sarajevo"]
[Date "2017.05.15"]
[Round "4"]
[White "Marjanovic, Dejan"]
[Black "Lakovic, Igor"]
[Result "1/2-1/2"]
[WhiteElo "2412"]
[BlackElo "2009"]
[PlyCount "59"]
[EventDate "2017.05.13"]
[EventType "swiss"]
[EventRounds "9"]
[EventCountry "BIH"]
[SourceTitle "CBM 178 Extra"]
[Source "ChessBase"]
[SourceDate "2017.06.22"]
[SourceVersion "1"]
[SourceVersionDate "2017.06.22"]
[SourceQuality "1"]

1. d4 e6 2. Nf3 Nf6 3. c4 b6 4. g3 Ba6 5. Nbd2 Bb7 6. Bg2 d5 7. Ne5 Bd6 8. Qa4+ Nfd7 9. Nd3 0-0 10. cxd5 exd5 11. 0-0 c5 12. dxc5 bxc5 13. Nf3 Re8 14. Qc2 Nc6 15. b3 Qe7 16. e3 a5 17. Bb2 Nb4 18. Nxb4 axb4 19. Rfd1 h6 20. Nh4 Qe6 21. Nf3 Bf8 22. Rd2 Nf6 23. Bxf6 Qxf6 24. Rad1 g6 25. Nh4 Red8 26. Bxd5 Bxd5 27. Rxd5 Rxd5 28. Rxd5 Qa1+ 29. Kg2 Rxa2 30. Qe4 1/2-1/2

[Event "Sarajevo Bosna op 47th"]
[Site "Sarajevo"]
[Date "2017.05.14"]
[Round "2"]
[White "Kanjic, Elvir"]
[Black "Lakovic, Igor"]
[Result "1/2-1/2"]
[WhiteElo "1722"]
[BlackElo "2009"]
[PlyCount "111"]
[EventDate "2017.05.13"]
[EventType "swiss"]
[EventRounds "9"]
[EventCountry "BIH"]
[SourceTitle "CBM 178 Extra"]
[Source "ChessBase"]
[SourceDate "2017.06.22"]
[SourceVersion "1"]
[SourceVersionDate "2017.06.22"]
[SourceQuality "1"]

1. e4 e6 2. Nf3 d5 3. exd5 exd5 4. Be2 Nf6 5. b3 Bd6 6. Ba3 0-0 7. Bxd6 Qxd6 8. 0-0 c5 9. h3 Nc6 10. d4 Re8 11. Nc3 a6 12. dxc5 Qxc5 13. Na4 Qa7 14. c4 dxc4 15. bxc4 Bf5 16. Re1 Rad8 17. Qb3 Ne4 18. Qb6 Qxb6 19. Nxb6 Nb4 20. Rec1 Nd2 21. Nxd2 Rxe2 22. Nf3 Rxa2 23. Rxa2 Nxa2 24. Re1 Kf8 25. Ne5 Nb4 26. Re3 f6 27. Rc3 Be6 28. g4 Ke7 29. Rb3 a5 30. Nf3 Rd6 31. Na4 b5 32. Nc5 Bxc4 33. Re3+ Kf7 34. Nb7 Rd1+ 35. Kh2 Nc6 36. g5 Rd3 37. gxf6 gxf6 38. Rxd3 Bxd3 39. Nc5 Be2 40. Nd2 a4 41. Kg3 a3 42. Ndb3 Bc4 43. Kf4 a2 44. Ke3 Kg6 45. Kd2 Kh5 46. Kc3 Kh4 47. Kb2 Kxh3 48. Nc1 Nb4 49. Ne4 Nd3+ 50. Nxd3 a1Q+ 51. Kxa1 Bxd3 52. Nxf6 Kg2 53. Kb2 Kxf2 54. Kc3 Ke3 55. Kb4 Bf5 56. Nxh7 1/2-1/2

[Event "Sarajevo Bosna op 46th"]
[Site "Sarajevo"]
[Date "2016.05.31"]
[Round "6"]
[White "Lakovic, Igor"]
[Black "Maksimovic, Bojan"]
[Result "1/2-1/2"]
[WhiteElo "1944"]
[BlackElo "2161"]
[PlyCount "112"]
[EventDate "2016.05.28"]
[EventType "swiss"]
[EventRounds "9"]
[EventCountry "BIH"]
[SourceTitle "EXT 2019"]
[Source "ChessBase"]
[SourceDate "2018.10.10"]
[SourceVersion "1"]
[SourceVersionDate "2018.10.10"]
[SourceQuality "1"]

1. d4 Nf6 2. c4 c5 3. d5 b5 4. Qc2 Bb7 5. e4 bxc4 6. Bxc4 e6 7. Nc3 exd5 8. exd5 d6 9. Nf3 Be7 10. 0-0 0-0 11. Re1 Nbd7 12. h3 Nb6 13. Qd3 Nxc4 14. Qxc4 Nd7 15. Bf4 Nb6 16. Qe4 Bf6 17. Rad1 Qd7 18. Qc2 h6 19. Ne4 Be7 20. Nc3 Rfe8 21. b3 Bf6 22. Ne4 Qf5 23. Bxd6 Bxd5 24. Nxf6+ Qxf6 25. Be5 Qc6 26. Qc3 Re6 27. Bg3 Rae8 28. Rxe6 Rxe6 29. Re1 Rxe1+ 30. Nxe1 c4 31. bxc4 Bxc4 32. Nc2 Qe4 33. a3 Nd5 34. Qd2 Nf6 35. Ne3 Be6 36. Qd6 Kh7 37. Qc5 Qb7 38. Qc2+ Kg8 39. Qc7 Qa6 40. Qd6 Qa4 41. Qd8+ Kh7 42. Qd3+ Qe4 43. Qxe4+ Nxe4 44. Be5 a6 45. Bd4 g5 46. Nd1 Kg6 47. Nc3 Nd2 48. Be3 Nc4 49. Bc5 Kf5 50. Kf1 Na5 51. f3 Bc4+ 52. Kf2 h5 53. g4+ hxg4 54. hxg4+ Ke6 55. Ke3 Nc6 56. Ne4 f6 1/2-1/2

[Event "Lienz op-A 18th"]
[Site "Lienz"]
[Date "2015.02.11"]
[Round "6"]
[White "Bodner, Alfred"]
[Black "Lakovic, Igor"]
[Result "1/2-1/2"]
[WhiteElo "1891"]
[BlackElo "1977"]
[PlyCount "77"]
[EventDate "2015.02.07"]
[EventType "swiss"]
[EventRounds "9"]
[EventCountry "AUT"]
[SourceTitle "CBM 164 Extra"]
[Source "ChessBase"]
[SourceDate "2015.03.02"]
[SourceVersion "1"]
[SourceVersionDate "2015.03.02"]
[SourceQuality "1"]

1. Nf3 Nf6 2. c4 e6 3. Nc3 Bb4 4. Qc2 0-0 5. e4 d5 6. e5 Nfd7 7. d4 c5 8. Bf4 Nc6 9. a3 Qa5 10. Rd1 Bxc3+ 11. bxc3 cxd4 12. Nxd4 Ncxe5 13. cxd5 exd5 14. Nf5 Ng6 15. Bd6 Re8+ 16. Be2 Nf6 17. Nd4 Bd7 18. Bb4 Qc7 19. a4 Nf4 20. 0-0 Nxe2+ 21. Nxe2 a5 22. Ba3 Qc4 23. Rd2 Bxa4 24. Qb2 Bd7 25. f3 b5 26. Ng3 Re3 27. Rc1 Rae8 28. Qa1 h5 29. Bd6 h4 30. Nf1 Re2 31. Rd4 Qc6 32. Bf4 h3 33. gxh3 Bxh3 34. Ng3 R2e6 35. Bd2 Qb6 36. Be1 Rc8 37. Bf2 Qc7 38. Rh4 b4 39. Rxh3 1/2-1/2

[Event "Pula op 28th"]
[Site "Pula"]
[Date "2014.06.07"]
[Round "1"]
[White "Lakovic, Igor"]
[Black "Drazic, Sinisa"]
[Result "0-1"]
[WhiteElo "1964"]
[BlackElo "2433"]
[PlyCount "68"]
[EventDate "2014.06.07"]
[EventType "swiss"]
[EventRounds "9"]
[EventCountry "CRO"]
[SourceTitle "CBM 160 Extra"]
[Source "ChessBase"]
[SourceDate "2014.07.01"]
[SourceVersion "1"]
[SourceVersionDate "2014.07.01"]
[SourceQuality "1"]

1. e4 d6 2. d4 Nf6 3. Nc3 g6 4. Nf3 Bg7 5. Be2 0-0 6. 0-0 a6 7. Re1 Nc6 8. d5 Nb8 9. Be3 e5 10. dxe6 Bxe6 11. Qd2 Nc6 12. Bg5 Qd7 13. Rad1 Rae8 14. h3 Qc8 15. Bf1 Nd7 16. Bh6 Nc5 17. Bxg7 Kxg7 18. b4 Nd7 19. Nd5 Bxd5 20. exd5 Nce5 21. Nxe5 Rxe5 22. Rxe5 Nxe5 23. c4 Qf5 24. f4 Nd7 25. Re1 Qf6 26. Qe3 a5 27. a3 axb4 28. axb4 Qb2 29. c5 Qxb4 30. c6 bxc6 31. dxc6 Nf6 32. Rc1 Re8 33. Qf3 Qd4+ 34. Kh2 Re3 0-1

[Event "Prague Holiday K22"]
[Site "Prague"]
[Date "2012.07.26"]
[Round "7"]
[White "Boucek, Vlastimil"]
[Black "Lakovic, Igor"]
[Result "1-0"]
[WhiteElo "2008"]
[BlackElo "1936"]
[PlyCount "87"]
[EventDate "2012.07.22"]
[EventType "tourn"]
[EventRounds "9"]
[EventCountry "CZE"]
[SourceTitle "EXT 2023"]
[Source "ChessBase"]
[SourceDate "2022.10.05"]
[SourceVersion "1"]
[SourceVersionDate "2022.10.05"]
[SourceQuality "1"]

1. e4 e5 2. f4 d5 3. exd5 exf4 4. Bb5+ c6 5. dxc6 Nxc6 6. Nf3 Bd6 7. d4 Nf6 8. 0-0 0-0 9. c4 Bg4 10. Nc3 Rc8 11. Bxc6 Rxc6 12. b3 Re8 13. Ne2 Nh5 14. a4 Qe7 15. Ra2 Bc7 16. Nc3 Qd8 17. Re2 Rxe2 18. Nxe2 Rg6 19. Qd3 Bh3 20. Rf2 Bg4 21. Bd2 Re6 22. b4 g5 23. d5 h6 24. Ned4 Re8 25. Re2 Ng7 26. Rxe8+ Qxe8 27. a5 Qa4 28. c5 Qa1+ 29. Qf1 Qb2 30. d6 Bd8 31. Qc1 Qa2 32. Ne5 Qd5 33. Ndf3 Be6 34. h3 Nf5 35. Qe1 Ng3 36. Ng4 Ne4 37. Nxh6+ Kg7 38. Ng4 b6 39. axb6 axb6 40. Nf2 Ng3 41. Bc3+ f6 42. Nxg5 Qxg5 43. Qxe6 f3 44. Qg4 1-0

[Event "Prague Holiday K22"]
[Site "Prague"]
[Date "2012.07.25"]
[Round "6"]
[White "Lakovic, Igor"]
[Black "Vitek, Jan"]
[Result "1/2-1/2"]
[WhiteElo "1936"]
[BlackElo "1970"]
[PlyCount "46"]
[EventDate "2012.07.22"]
[EventType "tourn"]
[EventRounds "9"]
[EventCountry "CZE"]
[SourceTitle "EXT 2023"]
[Source "ChessBase"]
[SourceDate "2022.10.05"]
[SourceVersion "1"]
[SourceVersionDate "2022.10.05"]
[SourceQuality "1"]

1. d4 d5 2. c4 c6 3. Nf3 Nf6 4. Nc3 e6 5. Bg5 Nbd7 6. cxd5 exd5 7. e3 Qa5 8. Bxf6 Nxf6 9. Bd3 Bb4 10. Qc2 0-0 11. 0-0 Re8 12. a3 Bxc3 13. bxc3 Ne4 14. c4 Bf5 15. Rfc1 dxc4 16. Qxc4 Nd6 17. Qc2 Bxd3 18. Qxd3 Qf5 19. Qb3 Ne4 20. Rab1 Nd6 21. Rc5 Qe6 22. Qc2 f6 23. Qb3 Qxb3 1/2-1/2

[Event "Prague Holiday K22"]
[Site "Prague"]
[Date "2012.07.22"]
[Round "2"]
[White "Lakovic, Igor"]
[Black "Bilek, Roman"]
[Result "0-1"]
[WhiteElo "1936"]
[BlackElo "1972"]
[PlyCount "62"]
[EventDate "2012.07.22"]
[EventType "tourn"]
[EventRounds "9"]
[EventCountry "CZE"]
[SourceTitle "EXT 2023"]
[Source "ChessBase"]
[SourceDate "2022.10.05"]
[SourceVersion "1"]
[SourceVersionDate "2022.10.05"]
[SourceQuality "1"]

1. d4 d5 2. c4 Nc6 3. Nc3 Nf6 4. Bg5 Ne4 5. Nxe4 dxe4 6. e3 h6 7. Bh4 Qd6 8. a3 e5 9. d5 Ne7 10. Ne2 Nf5 11. Bg3 Be7 12. Nc3 Nxg3 13. hxg3 Bf5 14. Qc2 0-0 15. Be2 Qg6 16. 0-0 h5 17. Rfd1 a6 18. b4 Rad8 19. c5 h4 20. gxh4 Bxh4 21. Rd2 Be7 22. Rad1 Rfe8 23. Na4 Bh3 24. Bf1 f5 25. Nc3 Bg4 26. Be2 Bf3 27. Bxf3 exf3 28. g3 Qh5 29. Qd3 Kf7 30. d6 Rh8 31. Qd5+ Ke8 0-1

[Event "Mediterranean op 5th"]
[Site "Rijeka"]
[Date "2011.11.14"]
[Round "4"]
[White "Lakovic, Igor"]
[Black "Leskur, Dejan"]
[Result "0-1"]
[WhiteElo "1983"]
[BlackElo "2416"]
[PlyCount "54"]
[EventDate "2011.11.11"]
[EventType "swiss"]
[EventRounds "9"]
[EventCountry "CRO"]
[SourceTitle "EXT 2012"]
[Source "ChessBase"]
[SourceDate "2011.11.24"]
[SourceVersion "1"]
[SourceVersionDate "2011.11.24"]
[SourceQuality "1"]

1. e4 c5 2. Nf3 d6 3. d4 cxd4 4. Nxd4 Nf6 5. Nc3 Nc6 6. Bg5 Qb6 7. Nb3 e6 8. Bd3 Be7 9. 0-0 0-0 10. Qe2 a6 11. Rae1 Nb4 12. Kh1 e5 13. f4 exf4 14. Rxf4 Be6 15. Ref1 Nxd3 16. cxd3 Rfe8 17. Rh4 Nd7 18. Bxe7 Rxe7 19. Qh5 Nf8 20. Nd5 Bxd5 21. Qxd5 Ng6 22. Rh3 Rf8 23. Qh5 h6 24. Rg3 Re5 25. Rf5 Rxf5 26. exf5 Qf2 27. Qd1 Re8 0-1

[Event "Feffernitz Raika op 20th"]
[Site "Feffernitz"]
[Date "2011.08.27"]
[Round "8"]
[White "Lakovic, Igor"]
[Black "Tarmastin, Luca"]
[Result "1/2-1/2"]
[WhiteElo "1998"]
[BlackElo "1621"]
[PlyCount "106"]
[EventDate "2011.08.21"]
[EventType "swiss"]
[EventRounds "9"]
[EventCountry "AUT"]
[SourceTitle "CBM 144 Extra"]
[Source "ChessBase"]
[SourceDate "2011.10.28"]
[SourceVersion "1"]
[SourceVersionDate "2011.10.28"]
[SourceQuality "1"]

1. e4 e5 2. Nf3 Nc6 3. Bc4 Bc5 4. d3 Nf6 5. c3 0-0 6. 0-0 d6 7. Bb3 Bg4 8. Re1 Re8 9. Nbd2 d5 10. Qe2 d4 11. Nf1 h6 12. h3 Be6 13. Ng3 Qd7 14. Bxe6 Qxe6 15. c4 Bb4 16. Rf1 Ne7 17. a3 Bd6 18. Bd2 c5 19. Nh4 b6 20. Nhf5 Nxf5 21. Nxf5 Nh7 22. Qg4 g6 23. Nxh6+ Kf8 24. Qf3 Be7 25. Qg3 Nf6 26. Ng4 Nxg4 27. hxg4 Kg7 28. Qf3 Rh8 29. g3 Rh7 30. Kg2 Rah8 31. Rh1 Rxh1 32. Rxh1 Rxh1 33. Kxh1 Qd7 34. Qd1 Bd6 35. Kg2 Bf8 36. f3 Kg8 37. b4 Qc7 38. Qa4 Kg7 39. Qe8 Be7 40. Qa8 g5 41. b5 f6 42. Qd5 Bd6 43. Qe6 Kg6 44. a4 Kg7 45. Qf5 Qb8 46. a5 Qc7 47. a6 Qb8 48. Qd7+ Kg6 49. Qe6 Qc7 50. Qg8+ Qg7 51. Qxg7+ Kxg7 52. f4 Kg6 53. Kf3 Bc7 1/2-1/2

[Event "Feffernitz Raika op 20th"]
[Site "Feffernitz"]
[Date "2011.08.23"]
[Round "4"]
[White "Lakovic, Igor"]
[Black "Groschwitz, Isabella"]
[Result "1-0"]
[WhiteElo "1998"]
[BlackElo "1711"]
[PlyCount "107"]
[EventDate "2011.08.21"]
[EventType "swiss"]
[EventRounds "9"]
[EventCountry "AUT"]
[SourceTitle "CBM 144 Extra"]
[Source "ChessBase"]
[SourceDate "2011.10.28"]
[SourceVersion "1"]
[SourceVersionDate "2011.10.28"]
[SourceQuality "1"]

1. e4 e5 2. Nf3 Nc6 3. Bc4 Bc5 4. d3 h6 5. c3 Nf6 6. Bb3 d6 7. 0-0 0-0 8. Re1 Bg4 9. Nbd2 d5 10. Qe2 d4 11. Nf1 b5 12. Ng3 b4 13. cxb4 Bxb4 14. Rf1 a5 15. Ba4 Ne7 16. h3 Bxf3 17. Qxf3 Ng6 18. Nf5 Kh7 19. h4 Bd6 20. g3 Ne7 21. Nxh6 gxh6 22. Qxf6 Ng6 23. Qf5 Kg7 24. h5 Ne7 25. Qg4+ Kh7 26. Bd2 Rg8 27. Qf3 Qf8 28. Bb3 Rg7 29. Qf6 Ng8 30. Qf5+ Kh8 31. Kh1 f6 32. Qh3 Bb4 33. Bc1 a4 34. Bc4 a3 35. bxa3 Bxa3 36. Bxa3 Rxa3 37. Rab1 Qe8 38. Kg2 Rg5 39. Rh1 Qc6 40. Rb8 f5 41. Bxg8 Rxg8 42. Rxg8+ Kxg8 43. Qxf5 Rxd3 44. Rh4 Qd6 45. Rg4+ Kh8 46. Rg6 Qe7 47. Rxh6+ Kg8 48. Qg6+ Qg7 49. Qe8+ Qf8 50. Rg6+ Kh7 51. Qxf8 Rxg3+ 52. fxg3 d3 53. g4 d2 54. Qg7# 1-0

[Event "Budapest FS05 FM-A"]
[Site "Budapest"]
[Date "2011.05.13"]
[Round "7"]
[White "Bodi, Tibor"]
[Black "Lakovic, Igor"]
[Result "1/2-1/2"]
[WhiteElo "2053"]
[BlackElo "1965"]
[PlyCount "86"]
[EventDate "2011.05.07"]
[EventType "tourn"]
[EventRounds "11"]
[EventCountry "HUN"]
[SourceTitle "CBM 142 Extra"]
[Source "ChessBase"]
[SourceDate "2011.06.27"]
[SourceVersion "1"]
[SourceVersionDate "2011.06.27"]
[SourceQuality "1"]

1. e4 e5 2. Nf3 Nc6 3. Bb5 a6 4. Bxc6 dxc6 5. 0-0 Qf6 6. d4 exd4 7. e5 Qd8 8. Qxd4 Qxd4 9. Nxd4 Bd7 10. Nc3 0-0-0 11. Be3 Re8 12. Nf3 h6 13. h3 Ne7 14. Bc5 b6 15. Bxe7 Bxe7 16. Rad1 Bb4 17. Rfe1 Bxc3 18. bxc3 c5 19. Rd2 Be6 20. a3 Rd8 21. Red1 Rxd2 22. Rxd2 Rd8 23. Rxd8+ Kxd8 24. Kf1 Kd7 25. Ke2 Kc6 26. Ke3 Kb5 27. Nd2 Ka4 28. f4 Kxa3 29. g4 b5 30. f5 Bd5 31. Ne4 Kb2 32. Nxc5 a5 33. Kd4 Bc6 34. e6 fxe6 35. Nxe6 a4 36. Nxg7 a3 37. f6 a2 38. f7 a1Q 39. f8Q Qg1+ 40. Ke5 Qe3+ 41. Kf6 Qg5+ 42. Ke6 Qe3+ 43. Kf6 Qg5+ 1/2-1/2

[Event "Budapest FS05 FM-A"]
[Site "Budapest"]
[Date "2011.05.07"]
[Round "1"]
[White "Kantor, Reka"]
[Black "Lakovic, Igor"]
[Result "1/2-1/2"]
[WhiteElo "1947"]
[BlackElo "1965"]
[PlyCount "47"]
[EventDate "2011.05.07"]
[EventType "tourn"]
[EventRounds "11"]
[EventCountry "HUN"]
[SourceTitle "CBM 142 Extra"]
[Source "ChessBase"]
[SourceDate "2011.06.27"]
[SourceVersion "1"]
[SourceVersionDate "2011.06.27"]
[SourceQuality "1"]

1. e4 e5 2. Nf3 Nc6 3. Bb5 a6 4. Ba4 d6 5. 0-0 Bd7 6. h3 Nf6 7. Re1 g6 8. c3 Bg7 9. d4 b5 10. Bc2 0-0 11. Nbd2 Re8 12. Nf1 Nh5 13. Be3 Rb8 14. Qd2 b4 15. d5 bxc3 16. bxc3 Ne7 17. Rab1 f5 18. Rxb8 Qxb8 19. Rb1 Qa8 20. Bh6 Rf8 21. c4 fxe4 22. Bxe4 Nf4 23. Bg5 Rf7 24. Ng3 1/2-1/2

[Event "Chigorin Memorial 18th"]
[Site "St Petersburg"]
[Date "2010.11.04"]
[Round "8"]
[White "Lakovic, Igor"]
[Black "Fokin, Anatoly"]
[Result "1-0"]
[WhiteElo "1968"]
[BlackElo "1884"]
[PlyCount "125"]
[EventDate "2010.10.28"]
[EventType "swiss"]
[EventRounds "9"]
[EventCountry "RUS"]
[SourceTitle "EXT 2011"]
[Source "ChessBase"]
[SourceDate "2010.11.26"]
[SourceVersion "1"]
[SourceVersionDate "2010.11.26"]
[SourceQuality "1"]

1. d4 d5 2. c4 e6 3. Nc3 Be7 4. Nf3 c6 5. e3 Nf6 6. Qc2 0-0 7. Be2 Nbd7 8. 0-0 b6 9. e4 dxe4 10. Nxe4 Bb7 11. Rd1 Rc8 12. h3 Qc7 13. Bg5 Rfe8 14. Ng3 h6 15. Be3 c5 16. Rac1 Bd6 17. Nf1 Ne4 18. dxc5 bxc5 19. N3d2 f5 20. Nxe4 fxe4 21. Nd2 Nf6 22. Nb1 Be5 23. Nc3 Qe7 24. Rd2 Bc6 25. Rcd1 Rf8 26. Bf1 Bb8 27. Ne2 Qc7 28. Bf4 e5 29. Be3 Qe7 30. Ng3 Rf7 31. Qc3 Bd7 32. Qa5 Kh7 33. Qa6 Be6 34. Qa4 Rff8 35. Be2 g6 36. Qa6 Rfe8 37. Qa5 Rf8 38. Qb5 Qe8 39. Qa5 Qc6 40. Qc3 Bc7 41. Qc1 a5 42. Bxh6 Rf7 43. Be3 a4 44. Qc3 Ra8 45. Qc2 Kg7 46. Bg5 Bf5 47. Qc1 Ne8 48. Qc3 Kg8 49. Qe3 Ng7 50. Rd5 Ne6 51. Nxe4 Bxe4 52. Qxe4 Kg7 53. Be3 Nf4 54. Bxf4 exf4 55. Bf3 Rb8 56. Qc2 Qf6 57. R1d2 Be5 58. Qxa4 Bxb2 59. Rd6 Qe5 60. Qc6 g5 61. Rg6+ Kf8 62. Rd5 Qe7 63. Rdxg5 1-0